| 000 | 00403nam a2200181Ia 4500 | ||
|---|---|---|---|
| 008 | 210210b1890 xxu||||| |||| 00| 0 eng d | ||
| 041 | _aeng | ||
| 082 | _a823/35 | ||
| 100 | _aSHAKESPEARE (William) | ||
| 245 | _aAs you like it | ||
| 260 |
_aLondon _bJ B Lippincott Co., _c1890 |
||
| 650 | _ayou | ||
| 650 | _alike | ||
| 650 | _ait | ||
| 650 | _aAs | ||
| 690 | _aEnglish Drama | ||
| 906 | _a013587 | ||
| 999 |
_c132468 _d132468 |
||